Historie illustree du phonographe

সংরক্ষণ করুন:
গ্রন্থ-পঞ্জীর বিবরন
প্রধান লেখক: Marty, Daniel
বিন্যাস: গ্রন্থ
ভাষা:Undetermined
প্রকাশিত: Edita Vilo 1979
বিষয়গুলি:
ট্যাগগুলো: ট্যাগ যুক্ত করুন
কোনো ট্যাগ নেই, প্রথমজন হিসাবে ট্যাগ করুন!
Thư viện lưu trữ: Trung tâm Học liệu Trường Đại học Cần Thơ
LEADER 00438nam a2200169Ia 4500
001 CTU_104857
008 210402s9999 xx 000 0 und d
082 |a 621.389 
082 |b M388 
100 |a Marty, Daniel 
245 0 |a Historie illustree du phonographe 
245 0 |c Daniel Marty 
260 |b Edita Vilo 
260 |c 1979 
650 |a Phonograph 
904 |i M.Loan 
980 |a Trung tâm Học liệu Trường Đại học Cần Thơ